00910nam a2200217 a 450000500170000000800410001704100080005810000290006611000360009524501790013126001300031030000180044065000290045865000340048765000180052165000240053965000260056365000260058965000290061566200480064420170518020002.0131112b1998 ck ||||| |||| 00| 0 spa d aspa aCalvachi-Zambrano, Byron bFundación Humedal La Conejera aProceso de gestión para la defensa, recuperación y conservación de la Reserva Natural Humedal La Conejera y áreas silvestres aledañas, en Suba Santafé de Bogotá aBogotábFundación Humedal La ConejerabInstituto de Investigación de Recursos Biológicos Alexander von Humboldtc1998 a98 p.c28 cm. aRecuperación ambiental aConservación de ecosistemas aLegislación aDesechos líquidos aAspectos biológicos aAspectos ecológicos aAspectos socioculturales aColombiacHumedal La ConejerabCundinamarca